000 00892cam a2200229 4500
001 ABS65013
008 020213n2002 000 0 eng u
035 _a(Sirsi) u116724
100 _aMcGuinness, J.
245 _aProceed with caution
260 _c2002
490 _aEstates Gazette
_v(0203) 19 January 2002, 115(1)
520 _aDiscusses how the market is under pressure for greater flexibility of leases, but also warns that there is a danger that the concept of flexibility could change too radically and deter investors. Outlines the BPF/BCO joint set of model lease clauses (J128942) and the issue of upward only rent reviews.
590 _aABS
650 _aUPWARD ONLY RENT REVIEWS
650 _aBPF
650 _aCOMMERCIAL LEASES
650 _aFLEXIBILITY
650 _aINVESTORS
690 _aPROPERTY-COMMERCIAL PROPERTY-COMMERCIAL PROPERTY MARKET
942 _n0
999 _c69527
_d69527